000 00920nam a2200253 i 4500
001 bg
003 KOSZ 005
005 20200630132824.0
008 070817s1969 pl a f 001 0 pol
015 _aPB 1969/815
040 _aWA N
_cKOSZ 005/RW
_dKOSZ 005/RW
080 _a538:530.1
100 1 _aBiałynicki-Birula, Iwo
_d(1933- ).
_eAutor
245 1 0 _aElektrodynamika kwantowa /
_cIwo Białynicki-Birula, Zofia Białynicka-Birula.
260 _aWarszawa :
_bPaństwowe Wydawnictwo Naukowe,
_c1969.
300 _a394, [1] s. :
_bil. ;
_c23 cm.
380 _aKsiążki.
504 _aBibliogr. s. [383]-387. Indeks.
650 4 _aElektrodynamika kwantowa.
700 1 _aBiałynicka-Birula, Zofia
_d(1933- ).
710 2 _aPaństwowe Wydawnictwo Naukowe
_4pbl.
856 _uhttp://koha.tu.koszalin.pl/cgi-bin/koha/opac-detail.pl?biblionumber=11476
_yKatalog online BPK
942 _2UKD
_cKS
999 _c11476
_d11476